000 00384nam a2200145 i 4500
001 bg
100 1 _aMALINOWSKI, Edmund
245 0 _aGenetyka :
_bpodręcznik dla studentów szkół wyższych /
_cEdmund Malinowski.
250 _aWyd.4 popr. i uzupeł.
260 _aWarszawa,
_c1974.
040 _cBPK
041 _apol
942 _cKS
008 s pl f |000 0 pol
999 _c16565
_d16565
856 _uhttp://koha.tu.koszalin.pl/cgi-bin/koha/opac-detail.pl?biblionumber=16565
_yKatalog online BPK